« Retourner aux résultats de recherche
Aliments bons pour la santé (Les)
| Support: | Livres |
|---|---|
| Langue: | Francais |
| Publié: |
2009 Sélection du Reader's Digest Bagneux |
| Genre: |
Documentaire |
| Collection: |
Solutions santé |
| Sujets: | |
| Étiquettes: |
Ajouter
Pas de Tags !
|
| LEADER | 01077nam0a2200205 450 | ||
|---|---|---|---|
| 001 | 16847881 | ||
| 010 | |a 978-2-7098-2030-1 |b Rel. |d 19,95 | ||
| 100 | |a 20090209d2009 u u0frey01 ba | ||
| 101 | 0 | |a fre | |
| 102 | |a FR | ||
| 200 | 0 | |a Aliments bons pour la santé (Les) | |
| 207 | 1 | |a | |
| 210 | |a Bagneux |b 5-7 avenue Louis Pasteur. |c Sélection du Reader's Digest |d 2009 | ||
| 215 | |a 303 p. |c illustrations en couleur |d 26 x 21 cm | ||
| 225 | 1 | |a Solutions santé | |
| 300 | |a Glossaire. Index | ||
| 330 | |a Rédigé par des experts en diététique et en médecine nutritionniste, ce guide présente 160 aliments et leur action sur l'organisme (vertus, méfaits ou précautions à prendre) et 70 maladies avec les recommandations alimentaires pour les traiter. Des doubles pages thématiques font le point sur les recherches scientifiques et sur des sujets d'actualité comme les antioxydants, les vitamines, etc. | ||
| 900 | |a Documentaire | ||
| 901 | |a Accessible au prêt | ||
| 995 | |a Bibliothèque |c Bibliothèque |f 00156008245094 |h 00156008245094 |k 613.2 ALI |o p |q a |r az |e Bibliothèque | ||
